| 000 | 00919nas a2200301 4500 | ||
|---|---|---|---|
| 001 | BR8204642 | ||
| 003 | BR-BrBNA | ||
| 005 | 20231205085221.0 | ||
| 007 | ta | ||
| 008 | 230509b bl.|||p| |||| 00| 00por d | ||
| 040 |
_aBR-BrBNA _bpor _cBiblioteca Nacional de Agricultura |
||
| 041 | _a(Pt) | ||
| 072 | _aH70 | ||
| 100 | 1 | _aBitran, E.A. | |
| 100 | 1 | _aCampos, T.B. | |
| 100 | 1 | _aOliveira, D.A. | |
| 100 | 1 | _aAraujo, J.B.M. | |
| 245 | 1 | _aProtecao de milho nao beneficiado em paiol atraves de tratamentos a base de malathion e de Dichlorvos, precedidos ou nao de fumigacao [Brasil] | |
| 650 | _aMILHO | ||
| 650 | _aARMAZENAMENTO | ||
| 650 | _aPAIOL | ||
| 650 | _aCONTROLE GENETICO | ||
| 650 | _aTRACA DOS CEREAIS | ||
| 650 | _aGORGULHO | ||
| 773 | 0 |
_tBiologico (Brazil) _xISSN 0366-0567 _g(Nov 1982), v. 48(11) p. 281-287 _wBR8204642 |
|
| 909 |
_a202311 _bLúcia _c55 _dLúcia Elande |
||
| 942 |
_2AGRIS _n0 _cANA |
||
| 999 |
_c110053 _d110053 |
||